MARC details
| 000 -LEADER |
| campo de control de longitud fija |
02524nkc a22003377a 4500 |
| 001 - NÚMERO DE CONTROL |
| campo de control |
85864 |
| 005 - FECHA Y HORA DE LA ÚLTIMA TRANSACCIÓN |
| campo de control |
20260430120538.0 |
| 007 - CAMPO FIJO DE DESCRIPCIÓN FÍSICA--INFORMACIÓN GENERAL |
| campo de control de longitud fija |
kh bo |
| 008 - DATOS DE LONGITUD FIJA--INFORMACIÓN GENERAL |
| campo de control de longitud fija |
260430s1915 sp ||||| |||| |0| i|spa d |
| 040 ## - FUENTE DE CATALOGACIÓN |
| Centro catalogador/agencia de origen |
M-RABA |
| Lengua de catalogación |
spa |
| Centro/agencia transcriptor |
M-RABA |
| 100 1# - ENTRADA PRINCIPAL--NOMBRE DE PERSONA |
| Nombre de persona |
Roig Villalonga, Juana ( |
| Fechas asociadas al nombre |
1877-1941) |
| 9 (RLIN) |
42535 |
| 245 11 - MENCIÓN DEL TÍTULO |
| Título |
[Estella, Navarra |
| Resto del título |
: Iglesia de Santa María de Irache y Palacio de los Duques de Granada de Egea] |
| Mención de responsabilidad, etc. |
/ J. Roig |
| Medio |
[Material gráfico] |
| 260 ## - PUBLICACIÓN, DISTRIBUCIÓN, ETC. |
| Lugar de publicación, distribución, etc. |
: Madrid |
| Nombre del editor, distribuidor, etc. |
: J. Roig |
| Fecha de publicación, distribución, etc. |
[ca. 1915] |
| 300 ## - DESCRIPCIÓN FÍSICA |
| Extensión |
4 fotografías |
| Otras características físicas |
: aristotipo |
| Dimensiones |
, imagen 23 x 16,5 cm |
| 500 00 - NOTA GENERAL |
| Nota general |
Conjunto de cuatro fotografías de diferentes monumentos de Estella, en Navarra. |
| 500 00 - NOTA GENERAL |
| Nota general |
Fot-836: Palacio de los duques de Granada de Egea. Hoy cárcel.<br/>Fot-837: Claustro de Santa María de Irache.<br/>Fot-838: Iglesia del convento de Santa María de Irache.<br/>Fot-839: Puerta del claustro de Santa María de Irache. |
| 500 00 - NOTA GENERAL |
| Nota general |
Anotación manuscrita a lápiz en el reverso de la Fot-836: "reproducido en el libro de Lamperez y Romeam: arquitectura civil (1922). T. I. P 341 (Fig.377)". |
| 500 00 - NOTA GENERAL |
| Nota general |
Sello a tinta al verso de las imágenes de la fotógrafa J. Roig, encargada del estudio de J. Laurent entre los años 1915 y 1930.<br/>Fecha de las imágenes tomada de los años en activo de su estudio fotográfico. |
| 500 00 - NOTA GENERAL |
| Nota general |
Originales conservados en el IPCE en el fondo de Ruiz Vernacci (originales de Laurent):<br/>Fot-836: nº inventario VN-01236.<br/>Fot-837: nº inventario VN-01130.<br/>Fot-838: nº inventario VN-01237.<br/>Fot-839: nº inventario VN-01238. |
| 610 27 - PUNTO DE ACCESO ADICIONAL DE MATERIA--NOMBRE DE ENTIDAD CORPORATIVA |
| Nombre de entidad corporativa o nombre de jurisdicción como elemento de entrada |
Monasterio de Santa María la Real (Irache, España) |
| 9 (RLIN) |
11944 |
| 651 #7 - PUNTO DE ACCESO ADICIONAL DE MATERIA--NOMBRE GEOGRÁFICO |
| Nombre geográfico |
Irache (Navarra, España) |
| 9 (RLIN) |
11945 |
| 651 #7 - PUNTO DE ACCESO ADICIONAL DE MATERIA--NOMBRE GEOGRÁFICO |
| Nombre geográfico |
Estella (Navarra, España) |
| 9 (RLIN) |
11143 |
| 655 #0 - TERMINO DE INDIZACIÓN--GENERO/FORMA |
| Datos o término principal de género/forma |
Fotografías de monumentos |
| 9 (RLIN) |
111580 |
| 700 1# - ENTRADA AGREGADA--NOMBRE PERSONAL |
| Nombre de persona |
Laurent, J. ( |
| Fechas asociadas al nombre |
1816-1886) |
| 9 (RLIN) |
55737 |
| 852 ## - LOCALIZACIÓN |
| Número de control de estantería |
Fot-836; Fot-837; Fot-838; Fot-839 |
| 856 ## - LOCALIZACIÓN Y ACCESO ELECTRÓNICOS |
| Identificador Uniforme de Recurso |
<a href="https://archivoybiblioteca.realacademiabellasartessanfernando.com/cgi-bin/koha/opac-retrieve-file.pl?id=c76aab7bba504827e10d7be52fad588f">https://archivoybiblioteca.realacademiabellasartessanfernando.com/cgi-bin/koha/opac-retrieve-file.pl?id=c76aab7bba504827e10d7be52fad588f</a> |
| Texto de enlace |
Fot-836 |
| 856 ## - LOCALIZACIÓN Y ACCESO ELECTRÓNICOS |
| Identificador Uniforme de Recurso |
<a href="https://archivoybiblioteca.realacademiabellasartessanfernando.com/cgi-bin/koha/opac-retrieve-file.pl?id=96d1a8c070109bde97dc91fdf80c1145">https://archivoybiblioteca.realacademiabellasartessanfernando.com/cgi-bin/koha/opac-retrieve-file.pl?id=96d1a8c070109bde97dc91fdf80c1145</a> |
| Texto de enlace |
Fot-837 |
| 856 ## - LOCALIZACIÓN Y ACCESO ELECTRÓNICOS |
| Identificador Uniforme de Recurso |
<a href="https://archivoybiblioteca.realacademiabellasartessanfernando.com/cgi-bin/koha/opac-retrieve-file.pl?id=6b8ea10c45240753a4779f190f0e079a">https://archivoybiblioteca.realacademiabellasartessanfernando.com/cgi-bin/koha/opac-retrieve-file.pl?id=6b8ea10c45240753a4779f190f0e079a</a> |
| Texto de enlace |
Fot-838 |
| 856 ## - LOCALIZACIÓN Y ACCESO ELECTRÓNICOS |
| Identificador Uniforme de Recurso |
<a href="https://archivoybiblioteca.realacademiabellasartessanfernando.com/cgi-bin/koha/opac-retrieve-file.pl?id=7e983bd7503af0c570fdef82604831c4">https://archivoybiblioteca.realacademiabellasartessanfernando.com/cgi-bin/koha/opac-retrieve-file.pl?id=7e983bd7503af0c570fdef82604831c4</a> |
| Texto de enlace |
Fot-839 |
| 942 ## - ELEMENTOS DE ENTRADA SECUNDARIOS (KOHA) |
| Tipo de ítem Koha |
Fotografías |
| Suprimir en OPAC |
No |